Diferentes, desiguales y desconectados. Mapas de la interculturalidad
Gardado en:
| Autor Principal: | |
|---|---|
| Formato: | Libro |
| Idioma: | Lingua castelá |
| Publicado: |
Barcelona, España.
Gedisa,
2004
|
| Subjects: | |
| Acceso en liña: | Disponible Online |
| Tags: |
Engadir etiqueta
Sen Etiquetas, Sexa o primeiro en etiquetar este rexistro!
|
MARC
| LEADER | 00000cam a2200000 a 4500 | ||
|---|---|---|---|
| 001 | UCK8170 | ||
| 003 | CL-VaPUC | ||
| 005 | 20210928074613.0 | ||
| 008 | 060120e20040000SP |||||||||||||||||spa|d | ||
| 999 | |c 315950 |d 315948 | ||
| 020 | |a 8497840445 | ||
| 040 | |c Pontificia Universidad Católica de Valparaíso | ||
| 082 | 0 | 4 | |a 370.117 GAR 2004 |2 21 |
| 100 | 1 | |a García Canclini, Néstor |e author |9 536669 | |
| 245 | 1 | 0 | |a Diferentes, desiguales y desconectados. |b Mapas de la interculturalidad |
| 260 | |a Barcelona, España. |b Gedisa, |c 2004 | ||
| 300 | |a 223 páginas | ||
| 583 | |a last modification |c 20140107 02:41:21 |k Rodrigo Vera | ||
| 650 | 0 | |a Integración latinoamericana |2 CL-VaPUC |9 307692 | |
| 650 | 0 | |a Educación multicultural |2 CL-VaPUC |9 468257 | |
| 650 | 0 | |a Identidad cultural |9 319131 | |
| 650 | 0 | |a Sociología de la educación |9 260380 | |
| 650 | 0 | |a Problemas sociales |9 258537 | |
| 650 | 0 | |a Métodos de enseñanza |9 270413 | |
| 856 | |u http://bibliografiadigital.pucv.cl/index.php/bibliotecapucv/catalog/book/766 |y Disponible Online | ||
| 942 | |c BK |2 ddc | ||
| 945 | |d 20060120 00:00:00 |a jtorresc | ||
| 952 | |0 0 |1 0 |4 0 |6 370_117000000000000_GAR_2004 |7 0 |8 R |9 389845 |a BIBGIM |b BIBGIM |d 2019-11-22 |i 4204328 |l 2 |o 370.117 GAR 2004 |p 4204328 |r 2025-01-15 |s 2023-05-22 |w 2019-11-22 |y BK_R |k SSL | ||
| 952 | |0 0 |1 0 |4 0 |6 370_117000000000000_GAR_2004 |7 0 |8 R |9 389846 |a BIBGIM |b BIBGIM |d 2019-11-22 |i 426679K |l 1 |o 370.117 GAR 2004 |p 426679K |r 2025-01-15 |s 2024-05-07 |w 2019-11-22 |y BK_R |k SSL | ||
| 952 | |0 0 |1 0 |4 0 |6 370_117000000000000_GAR_2004 |7 0 |8 R |9 389847 |a BIBGIM |b BIBGIM |d 2019-11-22 |i 4266803 |l 6 |m 1 |o 370.117 GAR 2004 |p 4266803 |r 2025-04-11 |s 2025-04-04 |w 2019-11-22 |y BK_R |k SSL | ||
| 952 | |0 0 |1 0 |4 0 |6 370_117000000000000_GAR_2004 |7 0 |8 A |9 389848 |a BIBCUR |b BIBCUR |d 2019-11-22 |i 4272846 |o 370.117 GAR 2004 |p 4272846 |r 2025-04-22 |w 2019-11-22 |y BK |k PER | ||
| 952 | |0 0 |1 0 |4 0 |6 370_117000000000000_GAR_2004 |7 0 |8 A |9 389849 |a BIBEDU |b BIBEDU |d 2019-11-22 |i 429078K |l 2 |o 370.117 GAR 2004 |p 429078K |r 2023-09-07 |s 2023-08-09 |w 2019-11-22 |y BK |k EDI | ||
| 952 | |0 0 |1 0 |4 0 |6 370_117000000000000_GAR_2004 |7 0 |8 R |9 389850 |a BIBGIM |b BIBGIM |d 2019-11-22 |i 4458370 |o 370.117 GAR 2004 |p 4458370 |r 2025-01-15 |w 2019-11-22 |y BK_R |k SSL | ||
| 952 | |0 0 |1 0 |4 0 |6 370_117000000000000_GAR_2004 |7 0 |8 A |9 389851 |a BIBCUR |b BIBCUR |d 2019-11-22 |i 4573269 |o 370.117 GAR 2004 |p 4573269 |r 2025-04-22 |w 2019-11-22 |y BK |k PER | ||
| 952 | |0 0 |1 0 |4 0 |6 370_117000000000000_GAR_2004 |7 0 |8 A |9 389852 |a BIBCUR |b BIBCUR |d 2019-11-22 |i 4573463 |o 370.117 GAR 2004 |p 4573463 |r 2025-04-22 |w 2019-11-22 |y BK |k PER | ||
| 952 | |0 0 |1 0 |4 0 |6 370_117000000000000_GAR_2004 |7 0 |8 R |9 389853 |a BIBGIM |b BIBGIM |d 2019-11-22 |i 4736567 |l 1 |m 1 |o 370.117 GAR 2004 |p 4736567 |r 2025-01-15 |s 2023-05-15 |w 2019-11-22 |y BK_R |k SSL | ||
| 952 | |0 0 |1 0 |3 erb |4 0 |6 370_117000000000000_GAR_2004 |7 0 |8 A |9 389854 |a BIBING |b BIBING |i 504572K |l 1 |o 370.117 GAR 2004 |p 504572K |r 2025-01-20 |s 2022-06-01 |w 2019-11-22 |y BK |z Catalogado en:20140109 |k GEO | ||
| 952 | |0 0 |1 0 |3 erb |4 0 |6 370_117000000000000_GAR_2004 |7 0 |8 A |9 389855 |a BIBING |b BIBING |i 5045738 |o 370.117 GAR 2004 |p 5045738 |r 2025-01-20 |w 2019-11-22 |y BK |z Catalogado en:20140109 |k GEO | ||
| 952 | |0 0 |1 0 |3 erb |4 0 |6 370_117000000000000_GAR_2004 |7 0 |8 A |9 389856 |a BIBCUR |b BIBCUR |i 5335140 |l 2 |o 370.117 GAR 2004 |p 5335140 |r 2025-04-22 |s 2023-09-27 |w 2019-11-22 |y BK |z Catalogado en:20160807 |k MGC | ||